| 000 | 00486cam a2200145 4500500 | ||
|---|---|---|---|
| 005 | 20260322004950.0 | ||
| 041 | _afre | ||
| 042 | _adc | ||
| 100 | 1 | 0 |
_aMarmet, Carole _eauthor |
| 245 | 0 | 0 | _aPassage à l’âge d’homme (Cultures et sociétés, n° 9, 2009) |
| 260 | _c2011. | ||
| 500 | _a14 | ||
| 786 | 0 | _nLe Sociographe | 34 | 1 | 2011-01-01 | p. 106s-119s | 1297-6628 | |
| 856 | 4 | 1 | _uhttps://shs.cairn.info/revue-le-sociographe-2011-1-page-106s?lang=fr&redirect-ssocas=7080 |
| 999 |
_c1744486 _d1744486 |
||